00994nam a2200265Ia 450000500170000000800410001702000150005808200170007310000200009024501620011025000190027230000390029149000120033050000450034265000440038765000460043170000310047770000310050870000340053926400320057333600270060533700330063233800280066504000350069320220317000718.0160601s2000 ag a g 000 0 spa  a950111413904a551.21bR69v1 aRoyston, Angela10aVolcanes bcráteres y ríos de lava ctextos de Ángela Royston ; ilustraciones de Piers Harper y Tony Kenyon ; versión en español de Agustina Oliden a1a. edición  a17 páginas bilustrador c20 cm  aApuntes aIncluye glosario e índice alfabético142LEMBaVolcanes xEnseñanza elemental 142LEMBaVulcanismo xEnseñanza elemental 1 aHarper, Pierseilustrador 1 aKenyon, Tony eilustrador 1 aOliden, Agustina etraductora aBuenos Aires bSigmarc2000 atextobtxt2rdacontent asin mediaciónbn2rdamedia avolumenbnc2rdacarrier aCO-BoRNBPbspaerdacCO-BoRNBP